Historia del derecho en Cataluña, Mallorca y Valencia (Record no. 160959)
[ view plain ]
| 000 -LEADER | |
|---|---|
| campo de control de longitud fija | 01161nam a2200229 i 4500 |
| 001 - NÚMERO DE CONTROL | |
| campo de control | 160959 |
| 003 - IDENTIFICADOR DE NÚMERO DE CONTROL | |
| campo de control | ES-MaACL |
| 005 - FECHA Y HORA DE LA ÚLTIMA TRANSACCIÓN | |
| campo de control | 20230906212149.0 |
| 008 - DATOS DE LONGITUD FIJA--INFORMACIÓN GENERAL | |
| campo de control de longitud fija | 960311m18761881sp |||| | spa d |
| 040 ## - FUENTE DE CATALOGACIÓN | |
| Centro catalogador/agencia de origen | CYL |
| Lengua de catalogación | spa |
| Centro/agencia transcriptor | CYL |
| 100 1# - ENTRADA PRINCIPAL--NOMBRE DE PERSONA | |
| Nombre de persona | Oliver y Esteller, Bienvenido. |
| 9 (RLIN) | 130627 |
| 245 10 - MENCIÓN DEL TÍTULO | |
| Título | Historia del derecho en Cataluña, Mallorca y Valencia |
| Resto del título | : código de las costumbres de Tortosa / |
| Mención de responsabilidad, etc. | por Bienvenido Oliver. |
| 260 ## - PUBLICACIÓN, DISTRIBUCIÓN, ETC. | |
| Lugar de publicación, distribución, etc. | Madrid : |
| Nombre del editor, distribuidor, etc. | [s.n.], |
| Fecha de publicación, distribución, etc. | 1876-1881 ( |
| Fabricante | Imprenta de Miguel Ginesta) |
| 300 ## - DESCRIPCIÓN FÍSICA | |
| Extensión | 3 v. ; |
| Dimensiones | 23 cm. |
| 505 8# - NOTA DE CONTENIDO CON FORMATO | |
| Nota de contenido con formato | Contiene: t.IV. Libre de les costums generals scrites de la insigne ciutat de Tortosa: texto auténtico del siglo XIII / que da á luz nuevamente, ilustrado con observaciones crítico literarias y un copioso vocabulario (XXIII, 556 p., [1] h. de lám. pleg.) Ejemp. nº 31 de una tirada de 50. |
| 597 ## - NOTA DE DESCRIPCIÓN FÍSICA | |
| NOTA DE DESCRIPCIÓN FÍSICA | Antep. |
| 597 ## - NOTA DE DESCRIPCIÓN FÍSICA | |
| NOTA DE DESCRIPCIÓN FÍSICA | T.I. LXXX, 458 p. -- T.II. VIII, 546 p. -- T.III. 666 p. -- T.IV. XXIV, 573 p. |
| 650 04 - PUNTO DE ACCESO ADICIONAL DE MATERIA--TÉRMINO DE MATERIA | |
| Término de materia o nombre geográfico como elemento de entrada | Derecho- |
| Subdivisión geográfica | Cataluña. |
| 9 (RLIN) | 11606 |
| 650 #4 - PUNTO DE ACCESO ADICIONAL DE MATERIA--TÉRMINO DE MATERIA | |
| Término de materia o nombre geográfico como elemento de entrada | Derecho- |
| Subdivisión geográfica | Valencia (Reino) |
| 9 (RLIN) | 160984 |
| 650 #4 - PUNTO DE ACCESO ADICIONAL DE MATERIA--TÉRMINO DE MATERIA | |
| Término de materia o nombre geográfico como elemento de entrada | Derecho- |
| Subdivisión geográfica | Mallorca (Reino) |
| 9 (RLIN) | 160985 |
| 852 ## - LOCALIZACIÓN | |
| Ubicación | ES-MaACL |
| Número de control de estantería | F-14280-82 |
| Nota libre | -- Enc. hol. |
| condición física | -- Falta tomo IV |
| Estatus retirado | Estado de pérdida | Estado de daño | No para préstamo | Colección | Biblioteca de origen | Biblioteca actual | Ubicación en estantería | Fecha de adquisición | Total de préstamos | Signatura topográfica completa | Código de barras | Visto por última vez | Precio de reemplazo | Tipo de ítem Koha |
|---|---|---|---|---|---|---|---|---|---|---|---|---|---|---|
| Libros del s. XIX | Biblioteca del Ateneo de Madrid | Biblioteca del Ateneo de Madrid | Sala Pecera Planta 2 | 17/01/2008 | F-14280-82 | 1168567 | 23/02/2023 | 23/02/2023 | Libro impreso antiguo |
